[Event "Wch Seniors 50 26th"]
[Site "Marianske Lazne"]
[Date "2016.11.23"]
[Round "5"]
[White "Kutynec, Vladimir"]
[Black "Gollain, Marc"]
[Result "1-0"]
[WhiteElo "2295"]
[BlackElo "2097"]
[PlyCount "85"]
[EventDate "2016.11.19"]
[EventType "swiss"]
[EventRounds "11"]
[EventCountry "CZE"]
[SourceTitle "CBM 175 Extra"]
[Source "ChessBase"]
[SourceDate "2016.12.12"]
[SourceVersion "1"]
[SourceVersionDate "2016.12.12"]
[SourceQuality "1"]

1. Nf3 d5 2. c4 c6 3. g3 Bg4 4. Ne5 Be6 5. cxd5 Bxd5 6. f3 Nd7 7. Nxd7 Qxd7 8. Nc3 e5 9. Nxd5 Qxd5 10. Qc2 Nf6 11. b3 h5 12. Bb2 h4 13. g4 Bc5 14. g5 Nd7 15. Bh3 0-0-0 16. Qe4 Qxe4 17. fxe4 Rde8 18. e3 Rh5 19. Rc1 Be7 20. Rf1 Rf8 21. Rf5 Rxg5 22. Bxe5 Rg1+ 23. Rf1 Rxf1+ 24. Kxf1 f6 25. Bb2 Kc7 26. Ke2 Bd6 27. Rg1 Rf7 28. Rg2 Re7 29. Bf5 Nc5 30. d3 a5 31. Bc3 a4 32. b4 Ne6 33. Bxe6 Rxe6 34. Rxg7+ Kb6 35. h3 a3 36. Rh7 Re7 37. Rxh4 Rg7 38. Rg4 Rh7 39. Bxf6 Rxh3 40. e5 Rh2+ 41. Kf3 Bxe5 42. Bxe5 Rxa2 43. Rg2 1-0

[Event "Wch Seniors 50 26th"]
[Site "Marianske Lazne"]
[Date "2016.11.22"]
[Round "4"]
[White "Gueci, Riccardo"]
[Black "Kutynec, Vladimir"]
[Result "1/2-1/2"]
[WhiteElo "2121"]
[BlackElo "2295"]
[PlyCount "99"]
[EventDate "2016.11.19"]
[EventType "swiss"]
[EventRounds "11"]
[EventCountry "CZE"]
[SourceTitle "CBM 175 Extra"]
[Source "ChessBase"]
[SourceDate "2016.12.12"]
[SourceVersion "1"]
[SourceVersionDate "2016.12.12"]
[SourceQuality "1"]

1. e4 c5 2. c3 d5 3. exd5 Qxd5 4. d4 cxd4 5. cxd4 Nc6 6. Nf3 e5 7. Nc3 Bb4 8. Be3 exd4 9. Nxd4 Nge7 10. Ndb5 Qe5 11. Be2 0-0 12. a3 Bxc3+ 13. Nxc3 Nf5 14. Qd3 Re8 15. Nd1 Nxe3 16. Qxe3 Nd4 17. Qxe5 Rxe5 18. Ne3 f5 19. Bc4+ Be6 20. Bxe6+ Rxe6 21. 0-0 f4 22. Nd5 Ne2+ 23. Kh1 Rd8 24. Rfd1 Red6 25. Ne7+ Kf7 26. Rxd6 Rxd6 27. Nc8 Rd2 28. Nxa7 Nd4 29. Kg1 Rxb2 30. a4 Ne2+ 31. Kf1 Nc3 32. Nc8 Ke6 33. a5 Kd5 34. Ke1 Re2+ 35. Kf1 Re8 36. Nb6+ Kd4 37. Na4 Ne4 38. f3 Nd2+ 39. Kf2 Kc4 40. Nb2+ Kc3 41. Na4+ Kb4 42. Nb6 Nb3 43. Nd5+ Kc4 44. Rd1 Nxa5 45. Nxf4 b5 46. Rd7 g5 47. Rc7+ Kb3 48. Ne2 Rd8 49. Rc5 Ka4 50. Nc3+ 1/2-1/2

[Event "Wch Seniors 50 26th"]
[Site "Marianske Lazne"]
[Date "2016.11.21"]
[Round "3"]
[White "Kutynec, Vladimir"]
[Black "Tiedt, Gunter"]
[Result "1-0"]
[WhiteElo "2295"]
[BlackElo "2020"]
[PlyCount "93"]
[EventDate "2016.11.19"]
[EventType "swiss"]
[EventRounds "11"]
[EventCountry "CZE"]
[SourceTitle "CBM 175 Extra"]
[Source "ChessBase"]
[SourceDate "2016.12.12"]
[SourceVersion "1"]
[SourceVersionDate "2016.12.12"]
[SourceQuality "1"]

1. Nf3 d5 2. c4 d4 3. b4 f6 4. Qb3 e5 5. e3 c5 6. bxc5 Nc6 7. exd4 exd4 8. Ba3 Nh6 9. h3 Qe7+ 10. Be2 Bf5 11. 0-0 0-0-0 12. Bd3 Bxd3 13. Qxd3 Nf7 14. Qf5+ Qd7 15. Qxd7+ Rxd7 16. d3 Nfe5 17. Ne1 Nd8 18. f4 Nef7 19. Nd2 Ne6 20. Nb3 f5 21. Nc2 g6 22. Rae1 Nfd8 23. c6 bxc6 24. Bxf8 Rxf8 25. Re5 Rf6 26. g3 Nf7 27. Ra5 h6 28. Kg2 Nfd8 29. h4 Kb8 30. Ne1 Nb7 31. Re5 c5 32. Nf3 Rc7 33. Rd5 Ned8 34. Re1 Ra6 35. Nc1 Rb6 36. Re8 Rc8 37. Ne5 Kc7 38. Re7+ Kb8 39. Nd7+ Kc7 40. Nxc5+ Kc6 41. Nxb7 Rxb7 42. Rxb7 Nxb7 43. Nb3 Rg8 44. Nxd4+ Kb6 45. h5 Nc5 46. Rd6+ Ka5 47. hxg6 1-0

[Event "Pardubice Czech op-A 26th"]
[Site "Pardubice"]
[Date "2015.07.28"]
[Round "5"]
[White "Das, Sayantan"]
[Black "Kutynec, Vladimir"]
[Result "1-0"]
[WhiteElo "2444"]
[BlackElo "2310"]
[PlyCount "57"]
[EventDate "2015.07.24"]
[EventType "swiss"]
[EventRounds "9"]
[EventCountry "CZE"]
[SourceTitle "CBM 167 Extra"]
[Source "ChessBase"]
[SourceDate "2015.09.14"]
[SourceVersion "1"]
[SourceVersionDate "2015.09.14"]
[SourceQuality "1"]

1. e4 e6 2. d4 d5 3. Nc3 Nf6 4. e5 Nfd7 5. Nce2 c5 6. c3 f5 7. Nf4 Qe7 8. Nf3 cxd4 9. cxd4 Nb6 10. h4 Nc6 11. a3 Bd7 12. Be2 0-0-0 13. b4 Kb8 14. Qb3 Rc8 15. Be3 Nd8 16. b5 Nc4 17. 0-0 Nxe3 18. Qxe3 Nf7 19. Nd3 g5 20. hxg5 Rg8 21. Nc5 h6 22. g6 Rxg6 23. Rfc1 h5 24. Qb3 Bh6 25. b6 a6 26. Qb4 Qd8 27. Qa5 Bxc1 28. Nxa6+ bxa6 29. Qxa6 1-0

[Event "Pardubice Czech op-A 26th"]
[Site "Pardubice"]
[Date "2015.07.25"]
[Round "2"]
[White "Kutynec, Vladimir"]
[Black "Simacek, Pavel"]
[Result "1-0"]
[WhiteElo "2310"]
[BlackElo "2454"]
[PlyCount "119"]
[EventDate "2015.07.24"]
[EventType "swiss"]
[EventRounds "9"]
[EventCountry "CZE"]
[SourceTitle "CBM 167 Extra"]
[Source "ChessBase"]
[SourceDate "2015.09.14"]
[SourceVersion "1"]
[SourceVersionDate "2015.09.14"]
[SourceQuality "1"]

1. Nf3 f5 2. b4 Nf6 3. Bb2 e6 4. b5 d5 5. e3 Nbd7 6. c4 Be7 7. cxd5 exd5 8. Bd3 Nc5 9. Bc2 a6 10. Nc3 axb5 11. Nxb5 c6 12. Nbd4 Nfe4 13. Nb3 Ne6 14. 0-0 0-0 15. Ne5 f4 16. f3 Nf6 17. Nd4 Nxd4 18. Bxd4 c5 19. Bb2 Qb6 20. Qb1 Qb4 21. Bc3 Qxb1 22. Rfxb1 Ne8 23. Nd3 fxe3 24. dxe3 Ra3 25. Bb2 Ra7 26. Nf4 Nf6 27. Rd1 Rd8 28. Rab1 Rxa2 29. Bb3 Ra6 30. e4 b5 31. Bxf6 gxf6 32. Bxd5+ Kf8 33. Rxb5 Bd6 34. Nd3 Bd7 35. Rxc5 Ba4 36. Ra1 Bb5 37. Rxa6 Bxa6 38. Rc3 Ke7 39. g3 Rb8 40. Kg2 Bxd3 41. Rxd3 Rb2+ 42. Kh3 h5 43. Rb3 Rxb3 44. Bxb3 Bc5 45. f4 Bg1 46. Kg2 Be3 47. h4 f5 48. e5 Bd2 49. Bd1 Kf7 50. Bxh5+ Kg7 51. Be8 Be1 52. h5 Kh6 53. Bg6 Bb4 54. Kf3 Be1 55. Bxf5 Kxh5 56. g4+ Kh6 57. g5+ Kg7 58. Kg4 Kf7 59. Bd3 Bd2 60. Bc4+ 1-0

[Event "Pardubice op rap 26th"]
[Site "Pardubice"]
[Date "2015.07.22"]
[Round "2"]
[White "Kutynec, Vladimir"]
[Black "Freisler, Pavel"]
[Result "0-1"]
[WhiteElo "2310"]
[BlackElo "2278"]
[PlyCount "140"]
[EventDate "2015.07.22"]
[EventType "swiss (rapid)"]
[EventRounds "9"]
[EventCountry "CZE"]
[SourceTitle "CBM 167 Extra"]
[Source "ChessBase"]
[SourceDate "2015.09.14"]
[SourceVersion "1"]
[SourceVersionDate "2015.09.14"]
[SourceQuality "1"]

1. Nf3 Nf6 2. c4 e6 3. g3 b6 4. Bg2 Bb7 5. 0-0 Be7 6. d4 0-0 7. Nc3 Ne4 8. Bd2 f5 9. d5 Bf6 10. Rc1 Na6 11. a3 Nac5 12. b4 Nxc3 13. Bxc3 Bxc3 14. Rxc3 Ne4 15. Re3 exd5 16. cxd5 d6 17. Nd4 Bxd5 18. Nxf5 Rxf5 19. Bxe4 Bxe4 20. Rxe4 a5 21. Qb3+ Kh8 22. Rd1 axb4 23. axb4 h6 24. Qe6 Qf6 25. Qxf6 Rxf6 26. Re7 c5 27. b5 Ra5 28. Rb1 d5 29. Rc7 Kh7 30. e3 Ra2 31. f4 Re6 32. Rb3 d4 33. Rc6 Re4 34. Rxb6 dxe3 35. Rb1 Rb4 36. Re1 Rbb2 37. Re6 Rg2+ 38. Kh1 Rxh2+ 39. Kg1 Rag2+ 40. Kf1 Rf2+ 41. Kg1 Rhg2+ 42. Kh1 Rxg3 43. b6 Rxf4 44. Kh2 Rg5 45. Kh3 Rb4 46. R1xe3 c4 47. Rc6 Rb3 48. Rce6 c3 49. Rc6 Rgb5 50. Rexc3 Rxc3+ 51. Rxc3 Rxb6 52. Kg4 Rb4+ 53. Kg3 h5 54. Rc6 g6 55. Ra6 Kh6 56. Rc6 Rb3+ 57. Kg2 h4 58. Rc5 g5 59. Ra5 Kh5 60. Ra2 h3+ 61. Kh2 g4 62. Ra8 Rb2+ 63. Kh1 Kh4 64. Ra3 Rd2 65. Ra1 g3 66. Ra4+ Kg5 67. Ra1 Kf4 68. Ra4+ Ke3 69. Ra3+ Kf2 70. Ra1 Ke2 0-1

[Event "Pardubice Czech op-A 25th"]
[Site "Pardubice"]
[Date "2014.07.26"]
[Round "9"]
[White "Kutynec, Vladimir"]
[Black "Karasek, Lukas"]
[Result "1-0"]
[WhiteElo "2305"]
[BlackElo "2199"]
[PlyCount "57"]
[EventDate "2014.07.18"]
[EventType "swiss"]
[EventRounds "9"]
[EventCountry "CZE"]
[SourceTitle "CBM 161 Extra"]
[Source "ChessBase"]
[SourceDate "2014.08.29"]
[SourceVersion "1"]
[SourceVersionDate "2014.08.29"]
[SourceQuality "1"]

1. Nf3 Nf6 2. c4 e6 3. g3 Be7 4. Bg2 0-0 5. 0-0 d5 6. d4 dxc4 7. Na3 Bxa3 8. bxa3 Bd7 9. a4 Bc6 10. Ba3 Re8 11. Rc1 Nbd7 12. Rxc4 Bd5 13. Rc1 Rc8 14. Qc2 c6 15. Rfd1 Qa5 16. Nd2 Bxg2 17. Nc4 Qd5 18. Ne3 Be4 19. Nxd5 Bxc2 20. Nxf6+ Nxf6 21. Rxc2 Red8 22. a5 Rd5 23. Bc5 Ne4 24. Rb1 Nxc5 25. dxc5 Rd7 26. Rcb2 Rd5 27. Rxb7 Rxc5 28. Rxa7 Rc2 29. Rc7 1-0